| Tag |
First Indicator |
Second Indicator |
Subfields |
| LEADER |
00000cam a22000008i 4500 |
| 001 |
in00005667721 |
| 008 |
250620t20262026ilu b 001 0 eng |
| 005 |
20260323142409.8 |
| 010 |
|
|
|a 2025026981
|
| 020 |
|
|
|a 9798892555845
|q paperback
|
| 020 |
|
|
|z 9798892553025
|q pdf
|
| 035 |
|
|
|a (OCoLC)on1525857376
|
| 035 |
|
|
|a (OCoLC)1525857376
|
| 040 |
|
|
|a DLC
|e rda
|c DLC
|d TXA
|
| 043 |
|
|
|a n-us---
|
| 050 |
0 |
0 |
|a Z675.U5
|b C316 2026
|
| 082 |
0 |
0 |
|a 026/.5
|2 23/eng/20250625
|
| 100 |
1 |
|
|a Carroll, Alexander J.
|e author.
|
| 245 |
1 |
0 |
|a Essentials of STEM librarianship /
|c Alexander J. Carroll and Joshua Borycz ; foreword by Carol Tenopir.
|
| 264 |
|
1 |
|a Chicago :
|b ALA Neal-Schuman,
|c [2026].
|
| 264 |
|
4 |
|c ©2026.
|
| 300 |
|
|
|a xxvi, 237 pages :
|b illustrations ;
|c 26 cm.
|
| 336 |
|
|
|a text
|b txt
|2 rdacontent
|
| 337 |
|
|
|a unmediated
|b n
|2 rdamedia
|
| 338 |
|
|
|a volume
|b nc
|2 rdacarrier
|
| 504 |
|
|
|a Includes bibliographical references and index.
|
| 520 |
|
|
|a This book is a timely primer to help librarians, aspiring librarians and administrators understand ways to fill the new and evolving roles of STEM librarians.
|
| 650 |
|
0 |
|a Academic libraries
|x Relations with faculty and curriculum
|z United States.
|
| 650 |
|
0 |
|a Science and technology libraries
|z United States.
|
| 650 |
|
0 |
|a Science
|x Study and teaching
|z United States.
|
| 650 |
|
0 |
|a Technology
|x Study and teaching
|z United States.
|
| 650 |
|
0 |
|a Engineering
|x Study and teaching
|z United States.
|
| 650 |
|
0 |
|a Mathematics
|x Study and teaching
|z United States.
|
| 650 |
|
0 |
|a Library orientation for science students
|z United States.
|
| 650 |
|
0 |
|a Liaison librarians
|x Professional relationships
|z United States.
|
| 650 |
|
7 |
|a LANGUAGE ARTS & DISCIPLINES / Library & Information Science / General.
|2 bisacsh
|
| 700 |
1 |
|
|a Borycz, Joshua,
|e author.
|
| 700 |
1 |
|
|a Tenopir, Carol,
|e writer of foreword.
|
| 948 |
|
|
|a dmitchel 3/23/256 9.10.20
|
| 994 |
|
|
|a Z0
|b TXA
|
| 999 |
f |
f |
|s e99e90d3-ced3-41b3-b817-5b68edb56b19
|i 4258ef19-de04-4c0f-8d0b-c7cd9766ea67
|t 0
|
| 952 |
f |
f |
|p normal
|a Texas A&M University
|b College Station
|c Sterling C. Evans Library
|s Evans stk
|d Evans: Library Stacks
|t 0
|e Z67.U5 C316 2026
|h Library of Congress classification
|i unmediated -- volume
|m A14852748517
|
| 998 |
f |
f |
|a Z67.U5 C316 2026
|t 0
|l Evans: Library Stacks
|